| 000 | 00527nam a22001937a 4500 | ||
|---|---|---|---|
| 005 | 20260114150516.0 | ||
| 008 | 260114b |||||||| |||| 00| 0 eng d | ||
| 020 | _a9781398526211 | ||
| 040 | _cAL | ||
| 041 | _aEnglish | ||
| 082 |
_a813.54 _bHOFI |
||
| 100 |
_aAlice Hoffman _9251274 |
||
| 245 | _aInvisible hour | ||
| 260 |
_aLondon _bScribner _c2024 |
||
| 300 |
_axii,269p. _bPB _c20x13cm. |
||
| 365 |
_a5464 _b₹399.00 _c₹ _d₹499.00 _e20% _f10-01-2026 |
||
| 650 |
_aAmerican English Fiction _9251275 |
||
| 942 |
_2ddc _cBK |
||
| 999 |
_c240750 _d240750 |
||